000 01672nam a2200313 a 4500
001 ebr10286202
003 CaPaEBR
006 m u
007 cr cn|||||||||
008 091002s2009 dcua sb 000 0 eng d
020 _z9780309126892
020 _z0309126894
040 _aCaPaEBR
_cCaPaEBR
035 _a(OCoLC)435594117
050 1 4 _aTA1693
_b.N38 2009eb
100 0 _aNational Research Council (U. S.)
_bCommittee on a Scientific Assessment of Free-Electron Laser Technology for Naval Applications.
245 1 0 _aScientific assessment of high-power free-electron laser technology
_h[electronic resource] /
_cCommittee on a Scientific Assessment of Free-Electron Laser Technology for Naval Applications, Board on Physics and and Astronomy, Division on Engineering and Physical Sciences, National Research Council of the National Academies.
260 _aWashington, D.C. :
_bNational Academies Press,
_c2009.
300 _axii, 54 p. :
_bill.
504 _aIncludes bibliographical references (p. 32-35).
533 _aElectronic reproduction.
_bPalo Alto, Calif. :
_cebrary,
_d2013.
_nAvailable via World Wide Web.
_nAccess may be limited to ebrary affiliated libraries.
650 0 _aFree electron lasers
_xEvaluation.
650 0 _aSolid-state lasers
_xEvaluation.
655 7 _aElectronic books.
_2local
710 2 _aNational Research Council (U.S.).
_bBoard on Physics and Astronomy.
710 2 _aNational Research Council (U.S.).
_bDivision on Engineering and Physical Sciences.
710 2 _aebrary, Inc.
856 4 0 _uhttp://site.ebrary.com/lib/rucke/Doc?id=10286202
_zAn electronic book accessible through the World Wide Web; click to view
999 _c2091
_d2091